000
00308nam a22001217a 4500
020
_a
8189729934
082
_a
664
_b
MAR/CO
245
_a
Control and Analysis for Food anad Agricultural Products
260
_a
New Delhi
_b
Gene -Tech Books
_c
2010
300
_a
272
700
_a
Marwaha,Kavita
_9
951
942
_c
BK
999
_c
14548
_d
14548